00441nam a22001457a 4500008004100000020001500041040001500056050002700071100002100098245008600119260003100205300001600236650002600252650001700278161001b xxu||||| |||| 00| 0 eng d a1433114472 aKABUcKABU aML3916b.S84 2012 c. 1 aSuhr, H. Cecilia aSocial media and musicbthe digital field of cultural productioncH. Cecilia Suhr aNew YorkbPeter Langc2012 axii, 139 p. aMusicxSocial aspects aSocial media